[Event "Moscow open 2010 B"]
[Site "?"]
[Date "2010.02.07"]
[Round "9.33"]
[White "Orlov, Nikolay I"]
[Black "Yudkevich, Mikhail"]
[Result "0-1"]
[WhiteElo "2285"]
[BlackElo "2143"]
[PlyCount "56"]
[EventDate "2010.01.30"]

1. d4 e6 2. c4 f5 3. g3 Nf6 4. Bg2 Bb4+ 5. Bd2 Be7 6. d5 e5 7. Nc3 d6 8. e4 Na6
9. Qc2 g6 10. Bh3 fxe4 11. Nxe4 Nxe4 12. Qxe4 Nc5 13. Qe2 a5 14. Be3 Bxh3 15.
Nxh3 Qd7 16. Ng1 O-O 17. O-O-O e4 18. Bxc5 dxc5 19. h4 Qa4 20. Kb1 Rxf2 21. b3
Rxe2 22. bxa4 Rg2 23. Re1 Ra6 24. Re2 Rb6+ 25. Kc1 Rxg3 26. Kd2 Bf6 27. Rh3
Rb2+ 28. Kd1 Rxg1+ 0-1

[Event "Moscow open 2010 B"]
[Site "?"]
[Date "2010.02.07"]
[Round "9.35"]
[White "Losev, Dmitry"]
[Black "Efankov, Egor"]
[Result "0-1"]
[WhiteElo "2279"]
[BlackElo "2120"]
[PlyCount "122"]
[EventDate "2010.01.30"]

1. e4 c5 2. f4 Nc6 3. Nf3 g6 4. Nc3 Bg7 5. d3 d6 6. Be2 e6 7. Bd2 Nd4 8. a3 Bd7
9. Rb1 Qc7 10. O-O Ne7 11. Qc1 O-O 12. Nxd4 Bxd4+ 13. Kh1 f5 14. Bf3 Bc6 15.
Ne2 Bg7 16. b4 cxb4 17. Rxb4 a5 18. Rb1 fxe4 19. dxe4 Rac8 20. c4 e5 21. Qe1
Ra8 22. Qf2 Qd7 23. h3 Qe6 24. Rfc1 Kh8 25. Qh4 Ng8 26. Qe1 Nf6 27. Nc3 Qd7 28.
fxe5 dxe5 29. Nd5 Qd8 30. Bg5 h6 31. Qh4 Kg8 32. Bxf6 Rxf6 33. Nxf6+ Qxf6 34.
Qxf6 Bxf6 35. Rd1 Be7 36. Rd3 Bc5 37. Rbd1 Ra6 38. Kh2 Rb6 39. h4 Kg7 40. h5
gxh5 41. Kg3 Rb2 42. Rd8 Bxa3 43. Bxh5 Be7 44. R1d2 Rxd2 45. Rxd2 Bxe4 46. Bf3
Bxf3 47. Kxf3 Kf6 48. Ke4 Bc5 49. Rd5 b6 50. Rxe5 a4 51. Rh5 Kg6 52. Rd5 a3 53.
Rd2 Kg5 54. Kf3 Kf5 55. g4+ Kg5 56. Rd5+ Kg6 57. Rd8 Bb4 58. Rb8 Ba5 59. Rg8+
Kf7 60. Rd8 a2 61. Rd1 Bc3 0-1

[Event "Moscow open 2010 B"]
[Site "?"]
[Date "2010.02.07"]
[Round "9.37"]
[White "Denisov, Ivan"]
[Black "Galstyan, Hayk"]
[Result "0-1"]
[WhiteElo "2257"]
[BlackElo "2105"]
[PlyCount "124"]
[EventDate "2010.01.30"]

1. e4 c5 2. Nf3 Nc6 3. Bb5 d6 4. O-O Bd7 5. Re1 e5 6. c3 a6 7. Bf1 Nf6 8. d3 g6
9. g3 Bg7 10. Bg2 O-O 11. Nbd2 h6 12. Nf1 Be6 13. Ne3 d5 14. exd5 Nxd5 15. Nxd5
Bxd5 16. Be3 Qd6 17. Qc2 f5 18. Qe2 g5 19. h3 Rae8 20. c4 Bf7 21. Rad1 Bg6 22.
a3 a5 23. b3 Kh8 24. g4 Nd4 25. Bxd4 exd4 26. Qd2 fxg4 27. hxg4 Rf4 28. Rxe8+
Bxe8 29. Qe2 Bd7 30. Nh2 b5 31. Bd5 Rf8 32. Qe4 Re8 33. Qf3 Be5 34. Nf1 Rf8 35.
Qe2 Rf4 36. Nh2 Rf8 37. Nf1 a4 38. bxa4 bxc4 39. dxc4 Qf6 40. f3 Re8 41. Qd3
Bf4 42. Be4 h5 43. gxh5 g4 44. Bh7 gxf3 45. Qg6 f2+ 46. Kg2 Bc6+ 47. Kh3 Qxg6
48. Bxg6 Re1 49. Bc2 Bf3 50. Rb1 Be2 51. Kg2 Bxf1+ 52. Kxf2 Rxb1 53. Bxb1 Bxc4
54. Kf3 Bc1 55. Ke4 Bxa3 56. Bc2 Bb4 57. Ke5 Kg7 58. Kd6 d3 59. Bd1 d2 60. a5
Bb3 61. a6 Bxd1 62. a7 Bf3 0-1

[Event "Moscow open 2010 B"]
[Site "?"]
[Date "2010.02.07"]
[Round "9.38"]
[White "Ibragimov, Ali"]
[Black "Gankin, Stanislav"]
[Result "0-1"]
[WhiteElo "2094"]
[BlackElo "2255"]
[PlyCount "140"]
[EventDate "2010.01.30"]

1. e4 e5 2. Nf3 Nc6 3. Bb5 a6 4. Ba4 Nf6 5. O-O Be7 6. Re1 b5 7. Bb3 d6 8. c3
O-O 9. a4 Na5 10. Bc2 Bb7 11. d4 Nd7 12. Nbd2 c5 13. Nf1 Bf6 14. Ng3 g6 15. d5
c4 16. Bh6 Re8 17. h3 Nc5 18. Qe2 Nab3 19. Bxb3 Nxb3 20. Ra3 Qd7 21. Nh2 Qe7
22. Qe3 Nc5 23. Ng4 Bh4 24. Rd1 Nxa4 25. f4 Bc8 26. f5 Qa7 27. Kh2 Qxe3 28.
Bxe3 Rf8 29. Nh6+ Kg7 30. Ng4 Kh8 31. Bh6 Rd8 32. f6 Bxg3+ 33. Kxg3 Rg8 34. Ra2
Nc5 35. Kf3 Nb3 36. Ke3 a5 37. Nf2 g5 38. g4 Rg6 39. Bf8 Ra6 40. Rf1 Kg8 41.
Bg7 Rxg7 42. fxg7 Kxg7 43. Nh1 Nc1 44. Ra1 Nd3 45. Ng3 Nf4 46. Kd2 a4 47. Kc2
Kg6 48. Nf5 Bxf5 49. exf5+ Kf6 50. Rad1 Ra8 51. Rf2 h5 52. Rh2 h4 53. Kd2 Rc8
54. Ke3 Rc5 55. Ke4 Ke7 56. Rdd2 Rc8 57. Rd1 Nd3 58. Rf1 Kf6 59. Re2 Rh8 60.
Rh2 Rb8 61. Ra1 Nc5+ 62. Ke3 e4 63. Rd2 Nb3 64. Rad1 Nxd2 65. Rxd2 Re8 66. Rd4
Re5 67. Rd2 Ke7 68. Rd4 f6 69. Rxe4 Kd7 70. Kd4 Kc7 0-1

[Event "Moscow open 2010 B"]
[Site "?"]
[Date "2010.02.07"]
[Round "9.39"]
[White "Tabaryan, Artem"]
[Black "Maleev, Pavel"]
[Result "1-0"]
[WhiteElo "2254"]
[BlackElo "2105"]
[PlyCount "131"]
[EventDate "2010.01.30"]

1. d4 Nf6 2. Nf3 g6 3. g3 c5 4. Bg2 Bg7 5. O-O O-O 6. c4 cxd4 7. Nxd4 Nc6 8.
Nc3 Qb6 9. Nxc6 bxc6 10. Qc2 Bb7 11. e4 Qb4 12. b3 d5 13. exd5 cxd5 14. Bd2 Qc5
15. Rac1 Rac8 16. Qb1 Qd6 17. Rfd1 e6 18. cxd5 Nxd5 19. Nxd5 Bxd5 20. Bf4 Be5
21. Bxe5 Qxe5 22. Bxd5 exd5 23. Rxc8 Rxc8 24. Qd3 Rd8 25. Qd4 Qxd4 26. Rxd4 Kf8
27. Kf1 Ke7 28. Ke2 Kd6 29. Ra4 Rd7 30. Kd3 Kc5 31. Ra5+ Kb4 32. Ra4+ Kb5 33.
h4 h5 34. f3 a5 35. g4 hxg4 36. fxg4 Rd8 37. Rf4 Rh8 38. g5 Kc5 39. a3 Rb8 40.
Kc3 Rb7 41. Ra4 Kb5 42. Kd4 Rd7 43. Ke5 Rd8 44. Rd4 Kc6 45. Rf4 Rd7 46. Kd4 Kb6
47. Rf3 Kc6 48. Rc3+ Kd6 49. Rc5 Rb7 50. Rxd5+ Ke6 51. Re5+ Kd6 52. Re3 Rb5 53.
Rd3 Ke6 54. Kc4 Rf5 55. b4 axb4 56. axb4 Rf1 57. b5 Ke5 58. b6 Rf4+ 59. Kc5
Rxh4 60. b7 Rh8 61. Rf3 Ke6 62. Kc6 Rd8 63. Kc7 Rd7+ 64. Kc8 Rd5 65. b8=Q Rxg5
66. Qb6+ 1-0

[Event "Moscow open 2010 B"]
[Site "?"]
[Date "2010.02.07"]
[Round "9.40"]
[White "Semkin, Dmitrij"]
[Black "Kuznetsov, Kirill"]
[Result "1-0"]
[WhiteElo "2107"]
[BlackElo "2239"]
[PlyCount "127"]
[EventDate "2010.01.30"]

1. d4 d5 2. c4 c6 3. Nf3 Nf6 4. Nc3 a6 5. a4 Bf5 6. e3 e6 7. Qb3 Qc7 8. Nh4 Bg6
9. Nxg6 hxg6 10. Bd2 Nbd7 11. Rc1 dxc4 12. Bxc4 Nb6 13. Bd3 Nbd5 14. Ne4 Nxe4
15. Bxe4 a5 16. Bxd5 exd5 17. Qxd5 Bd6 18. Qe4+ Kf8 19. g3 Re8 20. Qf3 Qb6 21.
Bc3 Qb3 22. O-O Rh5 23. Ra1 Qe6 24. Rfe1 Rf5 25. Qg2 Qb3 26. e4 Rh5 27. Re3 Bb4
28. Qf1 Bxc3 29. bxc3 Qc2 30. Qb1 Qxb1+ 31. Rxb1 b5 32. e5 bxa4 33. Ra1 Ke7 34.
Rxa4 Ra8 35. Re2 c5 36. Rea2 cxd4 37. cxd4 Rd8 38. Rc2 Rhh8 39. Rc5 Rd7 40.
Rcxa5 Rhd8 41. Ra7 Ke6 42. Rxd7 Rxd7 43. Kg2 Kd5 44. Ra6 Re7 45. Rd6+ Ke4 46.
h3 g5 47. Rd8 Ra7 48. Rg8 g6 49. Rd8 Rb7 50. Rd6 Re7 51. Rd8 Ra7 52. e6 fxe6
53. Rg8 Rd7 54. g4 e5 55. dxe5 Kxe5 56. Rxg6 Kf4 57. Rf6+ Ke4 58. Rf5 Rg7 59.
Ra5 Kf4 60. Ra4+ Ke5 61. Kg3 Rh7 62. Ra5+ Kf6 63. Ra6+ Ke5 64. Rg6 1-0

[Event "Moscow open 2010 B"]
[Site "?"]
[Date "2010.02.07"]
[Round "9.41"]
[White "Paster, Arkady M"]
[Black "Orlov, Evgeny"]
[Result "1-0"]
[WhiteElo "2086"]
[BlackElo "2238"]
[PlyCount "85"]
[EventDate "2010.01.30"]

1. c4 e5 2. g3 Nc6 3. Bg2 g6 4. Nc3 Bg7 5. e3 d6 6. Nge2 Be6 7. Nd5 Qd7 8. d3
Nd8 9. e4 c6 10. Ne3 Bh3 11. O-O h5 12. f4 Bxg2 13. Kxg2 Ne7 14. f5 gxf5 15.
Nxf5 Bf8 16. Bg5 Ne6 17. Bd2 Nxf5 18. exf5 Ng7 19. g4 hxg4 20. Ng3 O-O-O 21.
Bg5 Re8 22. Qxg4 Be7 23. Bxe7 Qxe7 24. f6+ Qe6 25. h3 Qxg4 26. hxg4 Ne6 27. Nf5
Kd7 28. Ng7 Reg8 29. Rh1 Nf4+ 30. Kf3 Nxd3 31. g5 Nc5 32. Rad1 Ne6 33. Rxh8
Rxh8 34. Kg4 Rh2 35. Kg3 Rxb2 36. Nxe6 Kxe6 37. Rf1 b5 38. c5 Rc2 39. g6 Rc3+
40. Kg4 Rc2 41. g7 Rg2+ 42. Kh3 Rg6 43. Rf3 1-0

[Event "Moscow open 2010 B"]
[Site "?"]
[Date "2010.02.07"]
[Round "9.42"]
[White "Suharukova, Anastasia"]
[Black "Spichkin, Alexander"]
[Result "0-1"]
[WhiteElo "2055"]
[BlackElo "2237"]
[PlyCount "78"]
[EventDate "2010.01.30"]

1. e4 Nc6 2. d4 d5 3. e5 Bf5 4. c3 Qd7 5. Bd3 f6 6. Qh5+ g6 7. Bxf5 Qxf5 8.
Qxf5 gxf5 9. Nf3 fxe5 10. Nxe5 Nxe5 11. dxe5 O-O-O 12. Be3 e6 13. Nd2 c5 14.
Nb3 b6 15. O-O-O Bg7 16. Bg5 Bh6 17. Bxh6 Nxh6 18. f3 f4 19. g4 Nf7 20. Rde1 h5
21. h4 hxg4 22. fxg4 Rdg8 23. g5 f3 24. Rhf1 Rxh4 25. Rxf3 Rh7 26. Rf6 Nxg5 27.
Rg1 Rhg7 28. Nd2 Kd7 29. c4 d4 30. b4 Ke7 31. bxc5 bxc5 32. Rff1 Nf7 33. Rxg7
Rxg7 34. Ne4 Nxe5 35. Nxc5 Nxc4 36. Re1 e5 37. Kc2 Rg3 38. Rh1 Rc3+ 39. Kb1
Nd2+ 0-1

[Event "Moscow open 2010 B"]
[Site "?"]
[Date "2010.02.07"]
[Round "9.43"]
[White "Palkovich, Denis"]
[Black "Harutyunian, Tigran K"]
[Result "0-1"]
[WhiteElo "2231"]
[BlackElo "2069"]
[PlyCount "56"]
[EventDate "2010.01.30"]

1. e4 c5 2. Nf3 d6 3. d4 cxd4 4. Nxd4 Nf6 5. Nc3 g6 6. Be3 Bg7 7. f3 Nc6 8. Qd2
O-O 9. O-O-O d5 10. Kb1 Nxd4 11. e5 Nf5 12. exf6 Bxf6 13. Nxd5 Qxd5 14. Qxd5
Nxe3 15. Qd2 Nxd1 16. Qxd1 Be6 17. Bb5 Rfd8 18. Qe2 Rd6 19. Bc4 Bxc4 20. Qxc4
Rad8 21. a4 Rb6 22. b3 Rd4 23. Qc8+ Kg7 24. Qe8 e6 25. a5 Ra6 26. c3 Rd2 27.
Rc1 Rxa5 28. Rc2 Rd8 0-1

[Event "Moscow open 2010 B"]
[Site "?"]
[Date "2010.02.07"]
[Round "9.44"]
[White "Korchmar, Vasiliy"]
[Black "Usmanov, Ilnur"]
[Result "1-0"]
[WhiteElo "2227"]
[BlackElo "2095"]
[PlyCount "55"]
[EventDate "2010.01.30"]

1. e4 c6 2. d4 d5 3. e5 c5 4. dxc5 Nc6 5. f4 e6 6. Be3 d4 7. Bf2 Bxc5 8. Nd2
Nge7 9. a3 a5 10. Bd3 Nf5 11. Qf3 h5 12. Nh3 Qb6 13. O-O Nce7 14. Nc4 Qa7 15.
Ng5 Bd7 16. b4 axb4 17. axb4 Qxa1 18. bxc5 Qa7 19. Nd6+ Nxd6 20. exd6 Nc6 21.
f5 O-O-O 22. Nxf7 Qxc5 23. Nxh8 Rxh8 24. fxe6 Bxe6 25. Re1 Bd7 26. Qf7 Qxd6 27.
Bg3 Qb4 28. Ra1 1-0

[Event "Moscow open 2010 B"]
[Site "?"]
[Date "2010.02.07"]
[Round "9.45"]
[White "Vedeneev, Alexandr"]
[Black "Vassiliev, G."]
[Result "1-0"]
[WhiteElo "1982"]
[BlackElo "2225"]
[PlyCount "89"]
[EventDate "2010.01.30"]

1. d4 d5 2. Nf3 e6 3. c4 c6 4. Nc3 dxc4 5. a4 Bb4 6. e3 b5 7. Ne5 Bb7 8. Qg4 g6
9. Be2 Nf6 10. Qh3 Ne4 11. O-O Nxc3 12. bxc3 Bxc3 13. Rb1 b4 14. Bxc4 O-O 15.
Nd3 Ba6 16. Bxa6 Nxa6 17. Nf4 Qa5 18. Ne2 Qxa4 19. e4 Qc2 20. Nxc3 bxc3 21. Bh6
Rfb8 22. Ra1 Nc7 23. Bf4 Rb7 24. Qf3 Nb5 25. Be5 f5 26. exf5 exf5 27. Qxc6 Qe4
28. Qc4+ Kf8 29. Rfe1 Qh4 30. Ra6 Re8 31. Qc6 Qe7 32. h4 Kg8 33. h5 Qf7 34.
hxg6 hxg6 35. Qc5 c2 36. Rc1 Nc7 37. Rf6 Rb1 38. Qxc2 Rxc1+ 39. Qxc1 Qh7 40.
Bxc7 Qh5 41. Be5 Qg4 42. Qc4+ Kh7 43. f3 Qh4 44. Qf7+ Kh8 45. Qxe8+ 1-0

[Event "Moscow open 2010 B"]
[Site "?"]
[Date "2010.02.07"]
[Round "9.46"]
[White "Loginov, Anton"]
[Black "Kurnaev, Vladimir"]
[Result "1/2-1/2"]
[WhiteElo "2216"]
[BlackElo "2046"]
[PlyCount "27"]
[EventDate "2010.01.30"]

1. e4 e6 2. d4 d5 3. Nc3 Nf6 4. Bg5 Be7 5. e5 Nfd7 6. Bxe7 Qxe7 7. f4 O-O 8.
Nf3 c5 9. Nb5 Nc6 10. c3 a6 11. Nd6 b5 12. Bd3 f5 13. Qd2 c4 14. Bc2 1/2-1/2

[Event "Moscow open 2010 B"]
[Site "?"]
[Date "2010.02.07"]
[Round "9.48"]
[White "Heydarli, Kanan Beyukkishi Ogl"]
[Black "Moshensky, Denis"]
[Result "1-0"]
[WhiteElo "2206"]
[BlackElo "1997"]
[Annotator "OWNER"]
[PlyCount "72"]
[EventDate "2010.01.30"]

1. Nf3 d5 2. d4 Nf6 3. c4 e6 4. Nc3 c6 5. cxd5 exd5 6. Bg5 Bf5 7. e3 Nbd7 8.
Bd3 Bxd3 9. Qxd3 Be7 10. O-O O-O 11. Bxf6 Nxf6 12. Rab1 Nd7 13. Rfc1 Rc8 14.
Na4 Bd6 15. Rc2 Qe7 16. Rbc1 f5 17. Nc3 Rce8 18. Ne2 g5 19. g3 h6 20. Rf1 Qf7
21. Kh1 Qh5 22. Neg1 Kh8 23. Qd1 Nf6 24. Kg2 f4 25. exf4 gxf4 26. Nh4 Rg8 27.
Qxh5 Nxh5 28. Nf5 Bb8 29. Nxh6 Rg6 30. Nf5 Rg5 31. Nh4 fxg3 32. hxg3 Rgg8 33.
Rc3 Rg4 34. Nf5 Rge4 35. Nf3 R4e6 36. Re3 Bc7 {çàïèñü íå ðàçáîð~~èâà.} 1-0

[Event "Moscow open 2010 B"]
[Site "?"]
[Date "2010.02.07"]
[Round "9.49"]
[White "Babushkin, Eduard"]
[Black "Tsydypov, Zhamsaran"]
[Result "1-0"]
[WhiteElo "2194"]
[BlackElo "1965"]
[PlyCount "53"]
[EventDate "2010.01.30"]

1. d4 Nf6 2. c4 c5 3. d5 e5 4. Nc3 d6 5. e4 Be7 6. g3 O-O 7. Bg2 Nbd7 8. Nge2
Ne8 9. O-O g6 10. Be3 Ng7 11. Qd2 Nf6 12. h3 Nfh5 13. f4 f5 14. fxe5 dxe5 15.
exf5 gxf5 16. Na4 Qc7 17. b4 Nxg3 18. Nxg3 f4 19. Bxc5 Bxc5+ 20. Nxc5 fxg3 21.
d6 Qb6 22. Rxf8+ Kxf8 23. d7 Bxd7 24. Qxd7 Kg8 25. Rf1 h6 26. Qf7+ Kh8 27. Rf6
1-0

[Event "Moscow open 2010 B"]
[Site "?"]
[Date "2010.02.07"]
[Round "9.51"]
[White "Maneluk, Nikita"]
[Black "Basencyan, Mark"]
[Result "0-1"]
[WhiteElo "2172"]
[BlackElo "1914"]
[PlyCount "128"]
[EventDate "2010.01.30"]

1. b3 e5 2. Bb2 Nc6 3. e3 Nf6 4. Bb5 d6 5. d4 exd4 6. Qxd4 Bd7 7. Bxc6 Bxc6 8.
f3 Be7 9. Ne2 O-O 10. Nf4 Ne8 11. Nh5 Nf6 12. Ng3 Ne8 13. Nc3 Bf6 14. Qd3 a5
15. O-O-O a4 16. Nh5 Be7 17. h4 axb3 18. axb3 Nf6 19. Nxf6+ Bxf6 20. Rh3 Qe7
21. g4 Rfe8 22. Re1 d5 23. g5 Be5 24. Re2 Bd6 25. Nb1 Be5 26. Nc3 Bd6 27. Nb1
Bf4 28. Bd4 Be5 29. f4 Bxf4 30. Rf2 Be5 31. Rhf3 Rf8 32. Rf5 Bxd4 33. Qxd4 Rae8
34. Nc3 Qxe3+ 35. Qxe3 Rxe3 36. Nxd5 Bxd5 37. Rxd5 Rfe8 38. Rf4 R3e6 39. Ra5 b6
40. Ra7 Rc6 41. Rd4 h6 42. Rd7 hxg5 43. hxg5 Re5 44. Raxc7 Rxc7 45. Rxc7 Rxg5
46. c4 Rf5 47. b4 g5 48. c5 bxc5 49. b5 c4 50. b6 Rb5 51. b7 Kg7 52. Kd2 Rb3
53. Rc5 Kg6 54. Rc7 f5 55. Ke2 f4 56. Kf2 Kf5 57. Ke2 Kg4 58. Kf2 Rb2+ 59. Ke1
Kg3 60. Kd1 g4 61. Kc1 Rb3 62. Kd1 f3 63. Ke1 f2+ 64. Ke2 Rb2+ 0-1

[Event "Moscow open 2010 B"]
[Site "?"]
[Date "2010.02.07"]
[Round "9.52"]
[White "Musaev, Rasul"]
[Black "Stroganov, Andrey"]
[Result "0-1"]
[WhiteElo "2166"]
[BlackElo "1912"]
[PlyCount "112"]
[EventDate "2010.01.30"]

1. e4 d5 2. exd5 Nf6 3. Nc3 Nxd5 4. Bc4 Nb6 5. Bb3 Nc6 6. Nf3 Bf5 7. O-O Na5 8.
d4 Nxb3 9. axb3 e6 10. Bf4 c6 11. Qd2 Be7 12. Nd1 Bg4 13. c3 Qd5 14. Ne3 Qe4
15. Be5 Nd5 16. Rfe1 Nf4 17. Bxf4 Qxf4 18. Nxg4 Qxg4 19. d5 O-O 20. dxe6 fxe6
21. Qe3 Qg6 22. Qxe6+ Qxe6 23. Rxe6 Bf6 24. Kf1 Rfd8 25. Ke2 Kf7 26. Re3 c5 27.
Rd3 Re8+ 28. Kd2 Re7 29. Re3 Rd7+ 30. Kc2 b6 31. Rb1 Rad8 32. Ree1 g5 33. h3 h5
34. Rbd1 Kg6 35. Rd2 g4 36. hxg4 hxg4 37. Rxd7 Rxd7 38. Nd2 Kf5 39. Nc4 Bg5 40.
Re5+ Kf6 41. Re2 Kf5 42. Na3 Rd8 43. Nb5 Rd7 44. c4 Bf6 45. Rd2 Rh7 46. g3 Ke4
47. Nd6+ Kf3 48. Rd3+ Kg2 49. Ne4 Bd4 50. Rd2 Kf1 51. Kd3 Rf7 52. Rd1+ Kg2 53.
Ke2 Rf3 54. b4 Bxf2 55. Rd3 Rxd3 56. Kxd3 cxb4 0-1

[Event "Moscow open 2010 B"]
[Site "?"]
[Date "2010.02.07"]
[Round "9.53"]
[White "Shorokhov, Alexander"]
[Black "Makhrov, Alexander"]
[Result "1-0"]
[WhiteElo "2158"]
[BlackElo "1899"]
[PlyCount "71"]
[EventDate "2010.01.30"]

1. d4 d5 2. c4 c6 3. Nc3 Nf6 4. Nf3 dxc4 5. e4 b5 6. e5 Nd5 7. a4 Nxc3 8. bxc3
e6 9. g3 Bb7 10. Bg2 Nd7 11. O-O Be7 12. h4 h6 13. Nh2 Qc7 14. Qg4 g6 15. h5
Nf8 16. Be4 a6 17. hxg6 fxg6 18. Bxg6+ Nxg6 19. Qxg6+ Kd7 20. Ng4 Rag8 21. Nf6+
Bxf6 22. Qxf6 Qd8 23. Bf4 h5 24. d5 cxd5 25. axb5 Qxf6 26. exf6 axb5 27. Ra7
Kc8 28. Rb1 Rg4 29. Rxb5 Rxf4 30. Raxb7 Rxf6 31. Rb8+ Kc7 32. Rxh8 Rf5 33. Kg2
Kc6 34. Rhb8 e5 35. R8b6+ Kc7 36. Re6 1-0

[Event "Moscow open 2010 B"]
[Site "?"]
[Date "2010.02.07"]
[Round "9.59"]
[White "Nozdrachev, Leonid"]
[Black "Makhmutov, Rail"]
[Result "1-0"]
[WhiteElo "2281"]
[BlackElo "2062"]
[PlyCount "63"]
[EventDate "2010.01.30"]

1. e4 d6 2. d4 Nf6 3. Nc3 c6 4. Nf3 Bg4 5. h3 Bh5 6. Qe2 e6 7. g4 Bg6 8. Bg5
Be7 9. O-O-O Nxe4 10. Bd2 Nxd2 11. Nxd2 Bg5 12. Bg2 Nd7 13. h4 Bxd2+ 14. Rxd2
h5 15. d5 cxd5 16. Bxd5 O-O 17. gxh5 Bf5 18. Be4 Bxe4 19. Nxe4 d5 20. h6 g6 21.
h5 g5 22. Qe3 f6 23. Nxg5 fxg5 24. Qxe6+ Kh8 25. Rxd5 Qf6 26. Qxd7 Rad8 27.
Qxb7 Qxh6 28. Rxd8 Rxd8 29. Qxa7 Qc6 30. Rg1 Qd5 31. Qe3 g4 32. Qh6+ 1-0

[Event "Moscow open 2010 B"]
[Site "?"]
[Date "2010.02.07"]
[Round "9.61"]
[White "Vorobjov, Denis S"]
[Black "Ipatov, Alexander"]
[Result "1-0"]
[WhiteElo "2237"]
[BlackElo "2060"]
[PlyCount "105"]
[EventDate "2010.01.30"]

1. b3 Nf6 2. Bb2 g6 3. Bxf6 exf6 4. c4 Bg7 5. Nc3 O-O 6. g3 d6 7. Bg2 c6 8. e3
f5 9. Nge2 Nd7 10. O-O Nf6 11. Rc1 Be6 12. Nf4 g5 13. Nh5 Nxh5 14. Qxh5 Qf6 15.
d4 Rad8 16. Rfd1 Bd7 17. Rd3 Rb8 18. Rf1 Qd8 19. f4 f6 20. g4 Qc8 21. fxg5 Be8
22. Qh4 fxg5 23. Qxg5 h6 24. Qe7 fxg4 25. Qxd6 Rxf1+ 26. Bxf1 b5 27. Rd1 Rb7
28. Bd3 Bf8 29. Qf6 Rf7 30. Qg6+ Kh8 31. Qe4 Bd6 32. c5 Be7 33. Rf1 Rg7 34. Qe5
g3 35. Bf5 gxh2+ 36. Kxh2 Qd8 37. Ne4 Bf7 38. Rg1 Bf8 39. Qf6 Qxf6 40. Nxf6
Rxg1 41. Kxg1 Kg7 42. Nd7 Be7 43. Ne5 Bg5 44. Kf2 Be8 45. Be4 Bh4+ 46. Kg2 Bg5
47. Bxc6 Bxe3 48. Bxe8 Bxd4 49. Nd3 a6 50. c6 Bb6 51. Nb4 a5 52. Nd5 Bd8 53. c7
1-0

[Event "Moscow open 2010 B"]
[Site "?"]
[Date "2010.02.07"]
[Round "9.62"]
[White "Martynenko, Alexey"]
[Black "Yakimenko, Alexander A"]
[Result "0-1"]
[WhiteElo "2056"]
[BlackElo "2235"]
[PlyCount "140"]
[EventDate "2010.01.30"]

1. e4 e6 2. d4 d5 3. e5 c5 4. c3 Nc6 5. Nf3 Qb6 6. a3 c4 7. Nbd2 Na5 8. h4 Bd7
9. g3 Be7 10. Bg2 Nh6 11. Nh2 Nf5 12. Nhf1 O-O-O 13. Nf3 f6 14. g4 fxe5 15.
gxf5 e4 16. fxe6 Bxe6 17. Ng5 Bd7 18. Ne3 Bxg5 19. hxg5 Nb3 20. Rb1 Qd6 21. Bh3
Rhf8 22. Bxd7+ Rxd7 23. Qg4 Rf4 24. Qg3 Qf8 25. Ng4 Rf3 26. Qg2 Nxc1 27. Rxc1
Qf4 28. Rc2 Qxg5 29. Rxh7 Rd6 30. Rh8+ Kc7 31. Kf1 Rd3 32. Ne3 Qf6 33. Qg3 Kb6
34. Rh5 Kc6 35. Rf5 Qh6 36. Ke2 Rg6 37. Qe5 Rd6 38. a4 Qh1 39. Qe8+ Rd7 40. Rf7
Qh5+ 41. Ke1 Qxf7 42. Qc8+ Rc7 43. Qd8 Qd7 44. Qa8 Qc8 45. Qxc8 Rxc8 46. Nf5
Rf8 47. Ne3 Rh8 48. Ke2 Rh1 49. Ng4 Rdd1 50. Ke3 g5 51. f3 Rd3+ 52. Kf2 e3+ 53.
Nxe3 Ra1 54. Ng4 Kd6 55. Ne5 Rdd1 56. Nf7+ Ke7 57. Nxg5 Rxa4 58. Re2+ Kd7 59.
Ne6 b6 60. f4 Raa1 61. Nf8+ Kd8 62. Re5 Rd2+ 63. Kg3 Rg1+ 64. Kf3 Rxb2 65. f5
Rc1 66. Rxd5+ Ke8 67. Ng6 Rxc3+ 68. Kf4 Re2 69. Kg5 Rce3 70. Kf6 c3 0-1

[Event "Moscow open 2010 B"]
[Site "?"]
[Date "2010.02.07"]
[Round "9.63"]
[White "Kapov, Albert"]
[Black "Paravyan, David"]
[Result "0-1"]
[WhiteElo "2233"]
[BlackElo "2043"]
[PlyCount "136"]
[EventDate "2010.01.30"]

1. c4 e6 2. g3 d5 3. cxd5 exd5 4. Bg2 c6 5. Nf3 Be7 6. O-O Bf5 7. d3 Nf6 8. b3
O-O 9. Bb2 Nbd7 10. Re1 Re8 11. Nbd2 Bc5 12. d4 Bf8 13. Rc1 Qa5 14. a3 Qb6 15.
e3 h6 16. h3 Ne4 17. Nf1 c5 18. g4 Bh7 19. Ne5 Nxe5 20. dxe5 Rad8 21. f3 Ng5
22. Nd2 Bd3 23. Kh1 c4 24. b4 a5 25. Bd4 Qb5 26. a4 Qxb4 27. Nb1 Ne6 28. Nc3
Nxd4 29. exd4 Qb2 30. Bf1 Bb4 31. Bxd3 cxd3 32. Re3 Bxc3 33. Rxd3 Rc8 34. Rc2
Qb4 35. Qc1 Qxa4 36. Rcxc3 Rxc3 37. Qxc3 Qc4 38. Qa3 b5 39. Rd2 b4 40. Qa4 Rb8
41. e6 fxe6 42. Rc2 Qf1+ 43. Kh2 Qb5 44. Rc8+ Kf7 45. Rc7+ Kf8 46. Qc2 Rb7 47.
Rc8+ Kf7 48. Qh7 Qe2+ 49. Kg3 Qe1+ 50. Kg2 Qe2+ 51. Kg3 Qe1+ 52. Kg2 Qd2+ 53.
Kg3 Kf6 54. Qg8 Qe1+ 55. Kg2 Qe2+ 56. Kg3 Qe1+ 57. Kg2 Qd2+ 58. Kg3 Rf7 59. h4
Qe1+ 60. Kh3 Qh1+ 61. Kg3 Qg1+ 62. Kh3 Qxd4 63. Rf8 Rxf8 64. Qxf8+ Kg6 65. Qe8+
Kh7 66. Qxe6 Qd3 67. Kg3 b3 68. Qb6 a4 0-1

[Event "Moscow open 2010 B"]
[Site "?"]
[Date "2010.02.07"]
[Round "9.64"]
[White "Vasiliev, Vladislav"]
[Black "Sakhvadze, Georgy"]
[Result "1-0"]
[WhiteElo "2232"]
[BlackElo "2041"]
[PlyCount "65"]
[EventDate "2010.01.30"]

1. Nf3 Nf6 2. d3 g6 3. Nbd2 Bg7 4. e4 d6 5. Be2 Nh5 6. Nc4 e5 7. g3 b5 8. Ne3
c6 9. O-O O-O 10. Ne1 Nf6 11. f4 exf4 12. gxf4 c5 13. Bf3 Bh3 14. e5 Bxf1 15.
Nxf1 d5 16. exf6 Bxf6 17. Ne3 a5 18. Nxd5 Bd4+ 19. Kh1 Ra6 20. c3 Bg7 21. Be3
Nd7 22. Ng2 b4 23. Qd2 Nb6 24. c4 Nxd5 25. Bxd5 Bd4 26. Qf2 Qf6 27. Bxd4 cxd4
28. Re1 b3 29. axb3 Ra7 30. Re5 a4 31. Qxd4 Re7 32. bxa4 Rfe8 33. Re4 1-0

[Event "Moscow open 2010 B"]
[Site "?"]
[Date "2010.02.07"]
[Round "9.65"]
[White "Menshikov, Alexander"]
[Black "Vavulin, Maksim"]
[Result "0-1"]
[WhiteElo "2225"]
[BlackElo "2040"]
[PlyCount "64"]
[EventDate "2010.01.30"]

1. e4 e5 2. Nf3 Nc6 3. d4 exd4 4. Bc4 Nf6 5. e5 d5 6. Bb5 Ne4 7. Nxd4 Bd7 8.
Bxc6 bxc6 9. O-O Bc5 10. f3 Ng5 11. f4 Ne4 12. Be3 Bb6 13. Nd2 Nxd2 14. Qxd2 c5
15. Nb3 d4 16. Bf2 Bb5 17. Rfd1 Qd5 18. Qe1 h5 19. a4 Bc6 20. Qf1 a5 21. c4 Qe4
22. e6 f6 23. Nd2 Qxf4 24. Ra3 h4 25. Rh3 Bxa4 26. Qd3 Bxd1 27. Qg6+ Kd8 28.
Qxg7 Kc8 29. Qxh8+ Kb7 30. Qxh4 Qxd2 31. Qe4+ Ka7 32. Rd3 Qe2 0-1

[Event "Moscow open 2010 B"]
[Site "?"]
[Date "2010.02.07"]
[Round "9.66"]
[White "Shafarostov, Artem"]
[Black "Yakimov, S Y."]
[Result "0-1"]
[WhiteElo "2044"]
[BlackElo "2221"]
[PlyCount "82"]
[EventDate "2010.01.30"]

1. d4 Nf6 2. c4 c6 3. Nf3 d5 4. e3 a6 5. Bd3 Bg4 6. Nbd2 Nbd7 7. Qc2 e6 8. O-O
Bd6 9. b3 Qe7 10. Bb2 Ba3 11. Bxa3 Qxa3 12. Ne5 Nxe5 13. dxe5 Nd7 14. f4 Qe7
15. e4 Bh5 16. Kh1 d4 17. a3 g5 18. f5 Nxe5 19. b4 Qc7 20. Qb3 Ng4 21. g3 Ne3
22. Rfe1 e5 23. c5 f6 24. Bc4 Bf7 25. a4 O-O 26. Bxf7+ Qxf7 27. Qd3 Kg7 28.
Reb1 Rfc8 29. Rc1 g4 30. b5 axb5 31. axb5 Ra2 32. bxc6 bxc6 33. Rab1 Rca8 34.
Rb6 R8a3 35. Qb1 Rxd2 36. Rb7 Raa2 37. Rxf7+ Kxf7 38. Qb7+ Kg8 39. Qc8+ Kg7 40.
Qd7+ Kh6 41. Qf7 Rxh2+ 0-1

[Event "Moscow open 2010 B"]
[Site "?"]
[Date "2010.02.07"]
[Round "9.68"]
[White "Guseinov, Djelal"]
[Black "Galkin, Vladimir"]
[Result "0-1"]
[WhiteElo "2012"]
[BlackElo "2202"]
[PlyCount "83"]
[EventDate "2010.01.30"]

1. Nf3 d5 2. d4 Nf6 3. c4 dxc4 4. Nc3 a6 5. e4 b5 6. e5 Nd5 7. Nxd5 Qxd5 8. g3
Bb7 9. Bg2 Qd7 10. O-O e6 11. a4 Be7 12. Qc2 Nc6 13. Rd1 O-O 14. Be3 Nb4 15.
Qb1 Bd5 16. Nd2 bxa4 17. Be4 Nd3 18. Bxd3 cxd3 19. Qxd3 Qb5 20. Qc2 Qe2 21. Re1
Qg4 22. Rxa4 Qh3 23. f3 Rfb8 24. Rf1 c6 25. Raa1 Rb6 26. Rab1 Rab8 27. b3 Rb4
28. Rb2 g5 29. Rfb1 g4 30. Qd1 a5 31. Ne4 a4 32. Nf2 Qh5 33. Nd3 Bxf3 34. Qc2
Be4 35. Qd2 a3 36. Ra2 Rxb3 37. Rxb3 Rxb3 38. Nc1 Rb1 39. Qa5 Kg7 40. Rxa3 Bxa3
41. Qxa3 Qf5 42. Qe7 0-1